01002nam a2200181Ia 450000500170000000800410001702000150005808200220007324501170009525000180021226000310023030000180026150002060027950000240048550502470050965000320075665000320078820231102150604.0120622t20032005mx r 000 0 s d a9702105196 a346.07bU35d 200310aDerecho Mercantil IIc/ Universidad Tecnológica de México ; redacción de Francisco Javier Rangel Ramírez a2a. edición3 aMéxicob : INITEc, 2003 a264 páginas aEl presente libro es una obra colectiva que fue redactada bajo la metodología didáctica desarrollada por el instituto de investigación de Tecnología de la Universidad Tecnológica de México  aReimpresión: 2005 aTeoría general de loa títulos de crédito Circulación de los títulos de crédito cancelación de los títulos de crédito Letra de cambio Pagaré Cheque Acción y obligaciones Certificado de depósito Conocimiento de embarque14aDERECHO MERCANTILzMÉXICO24aDERECHO COMERCIALzMÉXICO